| 000 | 00527nam a2200205Ia 4500 | ||
|---|---|---|---|
| 003 | OSt | ||
| 005 | 20230419143233.0 | ||
| 008 | 210423s2011 xx 000 0 und d | ||
| 020 | _a9788174469656 | ||
| 040 | _cAL | ||
| 041 | _aeng | ||
| 082 |
_a658.4 _223 _bGRIS |
||
| 100 |
_aGRIFFITH (Sandra). _990574 |
||
| 245 | _aManage quality customer serevice. | ||
| 260 |
_aNew Delhi _bExcel Books _c2011 |
||
| 300 |
_axvi,128 _bPB |
||
| 365 |
_b175 _cINR |
||
| 906 | _acustomer ; Manage ; quality ; serevice. | ||
| 942 |
_2ddc _cBK |
||
| 999 |
_c160747 _d160747 |
||